000 00298nam a22001337a 4500
008 170608b xxu||||| |||| 00| 0 eng d
020 _a9780195336559
041 _aeng
080 _a32
100 _a18
101 _aSHP
245 _aWORLD POLITICS IN A NEW ERA
_cSPIEGEL, S.L
942 _2udc
_cBK
999 _c16513
_d16513